Statistics for Top 50 Rated Clubs In fifa 22

Click here to take the quiz!

General Stats

  • This quiz has been taken 93 times
  • The average score is 33 of 50

Answer Stats

HintAnswer% Correct
EnglandManchester City
96%
FranceParis SG
96%
EnglandManchester United
92%
GermanyBayern Munich
88%
SpainReal Madrid
88%
EnglandLiverpool
87%
ItalyJuventus
86%
ItalyAC Milan
84%
EnglandChelsea
84%
InternationalBrazil
83%
InternationalFrance
83%
InternationalArgentina
82%
SpainAtletico Madrid
82%
EnglandArsenal
80%
GermanyBorussia Dortmund
80%
InternationalSpain
80%
InternationalEngland
78%
CountryGermany
78%
InternationalItaly
76%
InternationalBelgium
75%
EnglandTottenham Hotspur
75%
InternationalPortugal
70%
NetherlandsAjax
68%
SpainSevilla
68%
ItalyLazio
67%
InternationalNetherlands
66%
ItalySSC Napoli
66%
ItalyRoma
64%
EnglandAston Villa
63%
France
Olympique Lyonnais
63%
EnglandWest Ham
61%
PortugalBenfica
59%
PortugalSporting
59%
EnglandEverton
57%
EnglandLeicester City
55%
SpainAthletic Club de Bilbao
54%
FranceMonaco
53%
SpainReal Betis
51%
ItalyAtalanta
47%
ItalyInternazional
47%
SpainReal Sociedad
47%
GermanyRB Leipzig
45%
InternationalMexico
41%
GermanyWolfsburg
41%
GermanyBorussia Mönchengladbach
39%
GermanyLeverkusen
39%
SpainVillareal
39%
InternationalDenmark
34%
EnglandWolves
34%
SpainBarcalona
14%

Score Distribution

Percentile by Number Answered

Percent of People with Each Score

Your Score History

You have not taken this quiz